Money, banking, trade and finance / (Record no. 124495)

MARC details
000 -LEADER
fixed length control field 00676nam a22002297a 4500
005 - DATE AND TIME OF LATEST TRANSACTION
control field 20170124105940.0
010 ## - LIBRARY OF CONGRESS CONTROL NUMBER
LC control number A-934080
020 ## - INTERNATIONAL STANDARD BOOK NUMBER
Terms of availability 125.00
International Standard Book Number 8170144124
035 ## - SYSTEM CONTROL NUMBER
System control number A-934080
037 ## - SOURCE OF ACQUISITION
Source of stock number/acquisition Cen Lib/Ret
040 ## - CATALOGING SOURCE
Original cataloging agency DPL
Language of cataloging EN
082 ## - DEWEY DECIMAL CLASSIFICATION NUMBER
Classification number 332.1
Item number SUN
100 ## - MAIN ENTRY--PERSONAL NAME
Personal name Sundharam, K. P. M.
9 (RLIN) 6786
245 ## - TITLE STATEMENT
Title Money, banking, trade and finance /
Statement of responsibility, etc by K P M Sundharam
250 ## - EDITION STATEMENT
Edition statement 35th ed
260 ## - PUBLICATION, DISTRIBUTION, ETC. (IMPRINT)
Place of publication, distribution, etc New Delhi
Name of publisher, distributor, etc Sultan Chand and Sons
Date of publication, distribution, etc 1998
270 ## - ADDRESS
City New Delhi
Address 23, Darya Ganj
Postal code 110002
300 ## - PHYSICAL DESCRIPTION
Extent various pagings
Dimensions 21cm(Hb)
650 ## - SUBJECT ADDED ENTRY--TOPICAL TERM
Topical term or geographic name as entry element Commercial banking
9 (RLIN) 10953
650 ## - SUBJECT ADDED ENTRY--TOPICAL TERM
Topical term or geographic name as entry element International trade
9 (RLIN) 4053
942 ## - ADDED ENTRY ELEMENTS (KOHA)
Source of classification or shelving scheme Dewey Decimal Classification
Koha item type English Books
Classification part 332.1
Call number suffix SUN
Holdings
Withdrawn status Lost status Damaged status Not for loan Home library Current library Date acquired Source of acquisition Cost, normal purchase price Total Checkouts Full call number Barcode Date last seen Copy number Cost, replacement price Price effective from Koha item type
        Central Library Central Library 16/06/2015 Cen Lib/Ret 125.00   332.1 SUN A-934080 16/06/2015 1 125.00 16/06/2015 English Books
        Central Library Central Library 25/07/2015 Cen Lib/Ret 125.00   332.1 SUN A-933351 25/07/2015 2 125.00 25/07/2015 English Books

© Delhi Public Library
Hit Counter
free hit counter